000 00791cam a2200229 a 4500
001 4000253
005 20250122100122.0
008 961030s1998 nyua 001 0 eng c
020 _a9780827367647
050 0 0 _aR728.8
_b.D396 1998
082 0 0 _a610.69/53
_221
245 0 0 _aDelmar's comprehensive medical assisting :
_badministrative and clinical competencies /
_cWilburta Q. Lindh ... [et al.].
260 _aAlbany, NY :
_bDelmar Publishers,
_cc1998.
300 _axxiii, : various paging
_bill. (some col.) ;
_c29 cm. +
_e2 computer disks (3 1/2 in.)
500 _aIncludes index.
650 0 _aMedical assistants.
650 0 _aPhysicians' assistants.
650 1 2 _aAllied Health Personnel.
650 2 2 _aClinical Competence.
700 1 _aLindh, Wilburta Q.
942 _2lcc
_cBK
_n0
999 _c2764
_d2764